| 000 | 00991nam a22002537a 4500 | ||
|---|---|---|---|
| 005 | 20170124103039.0 | ||
| 010 | _aB-093122 | ||
| 020 |
_c100.00 _a818662421 |
||
| 035 | _aB-093122 | ||
| 037 | _bCen Lib/Ret | ||
| 040 |
_aDPL _bHN |
||
| 082 |
_aक _bशंकर |
||
| 100 |
_aशंकर सिंह _966610 |
||
| 245 |
_aउर्जांचल की कहानियां / _cशंकर सिंह |
||
| 246 |
_aUrjanchal ki kahanyan _b by Shankar Singh |
||
| 260 |
_a दिल्ली _bपूर्वांचल प्रकाशन _c2003 |
||
| 270 |
_a1180-ए ,ब्लाक सोनिया विहार _b दिल्ली _e110094 |
||
| 300 |
_a98पृष्ठ. _c20सेमी(सजिल्द) |
||
| 650 |
_aहिंदी साहित्य _966611 |
||
| 650 |
_aहिंदी कहानी _966612 |
||
| 650 |
_aHindi literature _966613 |
||
| 650 |
_ahindi story _943117 |
||
| 942 |
_2ddc _cHN _hक _mशंकर |
||
| 999 |
_c116453 _d116453 |
||